000 00561nam a2200193Ia 4500
003 GCL
008 140319s9999 xx 000 0 ara d
040 _aGCL /
_cGCL
082 0 4 _a821
_bش س
100 1 _aجبرا ابراهيم جبرا (مراجع)
245 1 0 _aالسونيتات /
_cجبرا ابراهيم جبرا (مراجع)
300 _a133 ص
490 _a
650 0 4 _aالادب الانجليزى
650 0 4 _aالشعر الانجليزى
650 0 4 _aشكسبير، ويليام
650 0 4 _aالسونيتات
942 _2ddc
_cBK
999 _c37689
_d37689